000 00519nam a22001937a 4500
003 KOHA_MİRAKIL
005 20251123122244.0
008 251123b tu ||||| |||| 00| 0 tur d
020 _a9786056889097
040 _aTR-AnABB
_btur
_cTR-AnABB
041 _atur
082 _a813.42
_bPEK 2019
100 1 _aPekşen, Fatma,
245 1 0 _aPinyata /
_cFatma Pekşen
260 _aİstanbul :
_bSelen Yayınları,
_c2019
300 _a235 sayfa ;
_c20 cm
650 0 4 _aTürk edebiyatı, roman
942 _2ddc
_cBK
999 _c9548
_d9548
900 _bGizem YORULMAZ